| 000 -LEADER |
| fixed length control field |
00369nam a22001457a 4500 |
| 003 - CONTROL NUMBER IDENTIFIER |
| control field |
LRUA |
| 005 - DATE AND TIME OF LATEST TRANSACTION |
| control field |
20220615134332.0 |
| 008 - FIXED-LENGTH DATA ELEMENTS--GENERAL INFORMATION |
| fixed length control field |
220615b xxu||||| |||| 00| 0 eng d |
| 040 ## - CATALOGING SOURCE |
| Transcribing agency |
SK |
| 082 ## - DEWEY DECIMAL CLASSIFICATION NUMBER |
| Classification number |
351 |
| 100 ## - MAIN ENTRY--PERSONAL NAME |
| Personal name |
នុត ចន្ថា |
| 245 ## - TITLE STATEMENT |
| Title |
កិច្ចុការរដ្ឋាបាល |
| 260 ## - PUBLICATION, DISTRIBUTION, ETC. (IMPRINT) |
| Place of publication, distribution, etc. |
Phnom Penh |
| Name of publisher, distributor, etc. |
នុត |
| Date of publication, distribution, etc. |
2006 |
| 942 ## - ADDED ENTRY ELEMENTS (KOHA) |
| Koha item type |
សៀវភៅភាសាខ្មែរ |
| Source of classification or shelving scheme |
|